Southville International School and Colleges
Your cart is empty.
  • Cart
  • Lists
    Public lists list_1 View all
    Your lists Log in to create your own lists
  • Log in to your account
  • Your cookies
  • Search history
Southville International School and Colleges
  • Advanced search
  • Recent comments
  • Most popular
  • Libraries

Log in to your account

Log in with GOOGLE


If you do not have an external account, but do have a local account, you can still log in:

  1. Home
  2. MARC view: My three book /
Normal view MARC view ISBD view

My three book / (Record no. 102095)

[ view plain ]
MARC details
000 -LEADER
fixed length control field 00807nam a2200229 a 4500
005 - DATE AND TIME OF LATEST TRANSACTION
control field 20140412111228.0
008 - FIXED-LENGTH DATA ELEMENTS--GENERAL INFORMATION
fixed length control field 010529s19uu xx 00 eng d
020 ## - INTERNATIONAL STANDARD BOOK NUMBER
International Standard Book Number 0-89565-314
050 ## - LIBRARY OF CONGRESS CALL NUMBER
Classification number TR(GS 513
Item number M74 1985
100 ## - MAIN ENTRY--PERSONAL NAME
Personal name Moncure, Jane Belk
245 ## - TITLE STATEMENT
Title My three book /
Statement of responsibility, etc by Jane Belk Moncure; illustrated by Linda Hohag.
250 ## - EDITION STATEMENT
Edition statement 1995 Ed.
260 ## - PUBLICATION, DISTRIBUTION, ETC. (IMPRINT)
Place of publication, distribution, etc Elgin, Ill :
Name of publisher, distributor, etc The Child's World, Inc,
Date of publication, distribution, etc 1985.
300 ## - PHYSICAL DESCRIPTION
Extent 32p. ; ill.
440 ## - SERIES STATEMENT/ADDED ENTRY--TITLE
Title My number book--My first steps to math
520 ## - SUMMARY, ETC.
Summary, etc Little Three introduces the concepts of "three" and counting by encountering trios of baskets, pigs, dancing mice, and other objects and animals
650 ## - SUBJECT ADDED ENTRY--TOPICAL TERM
Topical term or geographic name as entry element Three (The number)
General subdivision Juvenile literature
650 ## - SUBJECT ADDED ENTRY--TOPICAL TERM
Topical term or geographic name as entry element Number Concept
650 ## - SUBJECT ADDED ENTRY--TOPICAL TERM
Topical term or geographic name as entry element Counting
Holdings
Withdrawn status Lost status Damaged status Use restrictions Home library Current library Shelving location Date acquired Source of acquisition Total Checkouts Full call number Barcode Date last seen Price effective from Koha item type
        Elizalde Library Elizalde Library Teachers Reference Section 05/29/2001     TR(GS 513 M74 1985 E0501 04/12/2014 04/12/2014 Books
        Elizalde Library Elizalde Library Teachers Reference Section 03/25/2004     TR(GS 513 M74 1985 E0374 04/12/2014 04/12/2014 Books

My three book /

APA

Moncure J. B., . (1985). My three book. Elgin, Ill: The Child's World, Inc.

Chicago

Moncure Jane Belk, . 1985. My three book. Elgin, Ill: The Child's World, Inc.

Harvard

Moncure J. B., . (1985). My three book. Elgin, Ill: The Child's World, Inc.

MLA

Moncure Jane Belk, . My three book. Elgin, Ill: The Child's World, Inc. 1985.

  • Place hold
  • Print
  • Cite
  • Add to your cart (remove)
  • Save record
    BIBTEX Dublin Core MARCXML MARC (non-Unicode/MARC-8) MARC (Unicode/UTF-8) MARC (Unicode/UTF-8, Standard) MODS (XML) RIS
  • More searches
    Search for this title in:
    Other Libraries (WorldCat) Other Databases (Google Scholar) Online Stores (Bookfinder.com) Open Library (openlibrary.org)

Exporting to Dublin Core...

SOUTHVILLE LIBRARY

Southville International School and Colleges Library

1281 Tropical Ave. Cor. Luxembourg St., BF Homes International, Las Pinas City

Tel. No. 8256374 / 252358 Loc. 117/146

Powered by Koha